Los fichajes más caros del fútbol - Defensas centrales - 2023-2024 - Estadísticas

Estadísticas generales
  • Esta prueba ha sido intentada 53 veces
  • La puntuación promedio es 6 de 10
Estadísticas de respuestas
Coste (M €) Nacionalidad Último club Nuevo club Jugador % Correcto
50,00 Corea del Sur Nápoles Bayern Múnich Min-jae Kim
98%
27,50 Francia / España Manchester City Al-Nassr Aymeric Laporte
89%
33,00 España Villarreal CF Aston Villa Pau Torres
80%
40,00 Países Bajos VfL Wolfsburgo Tottenham Micky van de Ven
72%
30,00 Francia Bayern Múnich Inter Benjamin Pavard
67%
40,00 Países Bajos Ajax Arsenal Jurrien Timber
65%
45,00 Francia Monaco Chelsea Axel Disasi
48%
30,00 Brasil AS Roma Al-Ahli Roger Ibañez
39%
30,00 Francia Lyon RB Leipzig Castello Lukeba
24%
26,85 Irlanda Wolverhampton Brentford Nathan Collins
15%
No se encontraron pruebas coincidentes
Distribución de puntuación
Porcentaje de gente con cada puntuación
Porcentaje por número respondido
Historial de tus puntuaciones
No has intentado esta prueba.